000
00331nam a22001217a 4500
040
_c
rua
082
_a
FAO MEN 2007 C011 Or.
100
_a
ម៉ែន សារុម
245
_a
ដំណាំស្រូវនៅកម្ពុជា
260
_a
phnom penh
_b
rua
_c
2007
300
_a
vi.345p.
_b
ill.
_c
29cm.
942
_c
REC
999
_c
22130
_d
22130